00931nam a22001937a 45000010005000000030006000050050017000110080041000280200018000690400029000870820012001161000021001282450091001492600036002403000047002765200315003236500074006387000025007128671FISKH20251009104930.0251009b cb ||||| |||| 00| 0 eng d a9781107631311 aFISKHbengcFISKHdFISKH a510.712 aMoseley, Cherri  aCambridge primary Mathematics learner’s book stage 1/cCherri Moseley and Janet Rees aNew York : bCambridge, c2014. a90 pages : bcolor illustrations ; c28 cm aCambridge Primary Mathematics Learner’s Book Stage 1 introduces young learners to basic mathematical concepts through hands-on activities, visual learning, and problem-solving exercises. It follows the Cambridge Primary Mathematics curriculum and encourages critical thinking and confidence in using numbers. aMathematics vStudy and teaching xProblem solving yNumeracy skills aRees, Janet eAuthor